Mathematiques : classe de terminale D

Αποθηκεύτηκε σε:
Λεπτομέρειες βιβλιογραφικής εγγραφής
Κύριος συγγραφέας: Boutillon, Jacques
Μορφή: Βιβλίο
Γλώσσα:French
Δημοσίευση: Paris : Armand Colin, 1983.
Σειρά:Collection Pierre Louquet
Θέματα:
Ετικέτες: Προσθήκη ετικέτας
Δεν υπάρχουν, Καταχωρήστε ετικέτα πρώτοι!

MARC

LEADER 00000cam a2200000 a 4500
001 1/108741
008 150918s1983####fr | ||| |||| ||fre||
020 |a 2200030886 
040 |a GR-MyUa  |b gre  |c GR-MyUa  |e AACR2 
041 0 |a fre 
082 7 |a 515   |2 (23) 
100 1 |a Boutillon, Jacques. 
245 1 0 |a Mathematiques :   |b classe de terminale D /   |c Jacques Boutillon, Maryse Gay, Patrice Melchior, Louis Moulia. 
260 |a Paris :   |b Armand Colin,   |c 1983.  
300 |a 256 σ. :   |b σχέδια ;   |c 25 εκ.  
490 1 |a Collection Pierre Louquet 
505 8 |a τ.1. Analyse 
650 0 |a Mathematics. 
650 0 |a Analysis. 
740 0 |a Analyse 
830 0 |a Collection Pierre Louquet 
852 |a INST  |b SAMOS  |c MAG  |e 20150918  |h 515 BOU  |p 005300035528  |q 005300035528  |t BK  |y 0 
970 |a Σιτζίμη  |b Γιασεμή  |z 18/09/2015